000 01319nam a22002534a 4500
005 20110404105041.0
010 _aB-425041-042
020 _a9788173053542
_c1250.00
035 _aB-425041-042
037 _bResearchco Book Centre
082 _a730.954
100 1 _aMisra, R. N.
_932198
245 1 0 _aSilpa in Indian tradition :
_bconcept and instrumentalities /
_cby R.N. Misra
260 _bIndian Institute of Advanced Study ;
_aNew Delhi
_bAryan Books International
_c2009
270 _aPooja Apartment, 4B, Ansari Road, Daryaganj
_bNew Delhi
_e110002
300 _ax, 218 p.
_bill.
_c25 cm(Hb)
504 _aIncludes bibliographical references and index
650 0 _aSculpture, Indic
_932199
650 0 _aSculptors
_zIndia
_932200
942 _2ddc
_cEN
_mMIS
_h730.954
999 _c51394
_d51394